000 00551nam a2200181 a 4500
001 000037208
005 20200930080216.0
008 120305s1972 xxc 001 0 spa d
020 _a802018033
040 _aDO-SdBNP
_bspa
_cBNPHU
082 _axxx
_bE96s
245 0 0 _aExperimentation and simulation in political science. /
_ceditado por J. A. Laponce, Paul Smoker.
260 _aCanada, :
_bUniversity of Toronto Pres,
_c1972.
300 _a465 p.
500 _aIncluye índice
700 1 _aLaponce, J. A.
_963624
700 1 _aSmoker, Paul
_963625
999 _c36698
_d36698